000
00315nam a2200133Ia 4500
005
20260328104307.0
008
260328s9999||||xx |||||||||||||| ||und||
100
_a
Lizarraga, Salvador
245
0
_a
Habitar CU 60 os /
_c
Salvador Lizarraga
260
_b
Unam
300
_a
349 p.
650
_a
PLANOS
942
_c
BK
999
_c
10821
_d
10821